Los conquistadores del imperio español

Gespeichert in:
Bibliographische Detailangaben
1. Verfasser: Descola, Jean
Format: Buch
Veröffentlicht: Barcelona. Juventud.
Schlagworte:
Tags: Tag hinzufügen
Keine Tags, Fügen Sie den ersten Tag hinzu!

MARC

LEADER 00000nam a22000005a 4500
001 11062
003 CL-ChBUA
005 20120815103314.0
008 070301s sp 000 0 spa
040 |a CL-ChBUA  |c CL-ChBUA 
082 0 0 |a 980.2 
090 |c 11062  |d 11062 
100 1 |a Descola, Jean. 
245 1 0 |a Los conquistadores del imperio español 
260 |b Juventud.  |a Barcelona. 
300 |a 408 p.  |c 23 cm. 
650 4 |a AMERICA - HISTORIA. 
942 |c LIB 
952 |0 0  |1 0  |4 0  |7 0  |9 16002  |a UNACH  |b UNACH  |c 900  |d 2007-03-05  |i 5.807.  |l 1  |o 980.2 / D 448.  |p 17001  |r 2012-12-27 00:00:00  |s 2012-09-10  |u 16002  |w 2012-08-08  |y LIB  |k 980.2 / D 448. 
999 |c 11062  |d 11062